000 00506nam a22001937a 4500
003 KOHA_MİRAKIL
005 20251221155533.0
008 251221b tu ||||| |||| 00| 0 tur d
020 _a9786254491382
040 _aTR-AnABB
_btur
_cTR-AnABB
041 _atur
082 _a813.42
_bEGE 2020
100 1 _aEge,
245 1 0 _aKedice bir sevda /
_cEge
260 _aİstanbul :
_bAlfa Yayınları,
_c2020
300 _a147 sayfa ;
_c20 cm
650 0 4 _aTürk edebiyatı, roman
942 _2ddc
_cBK
999 _c9861
_d9861
900 _bGizem YORULMAZ